Statistics for World Capitals Starting With R - One Minute Sprint

Click here to take the quiz!

General Stats

  • This quiz has been taken 73 times
  • The average score is 5 of 6

Answer Stats

Answer% Correct
Riga
90%
Rome
88%
Riyadh
83%
Roseau
83%
Rabat
80%
Reykjavik
80%

Score Distribution

Percentile by Number Answered

Percent of People with Each Score

Your Score History

You have not taken this quiz